De re publica ; De legibus /

Bibliographic Details
Main Author: Cicero, Marcus Tullius
Other Authors: Keyes, Clinton Walker, 1888-1943
Format: Book
Language:Latin
English
Published: London : New York : G.P. Putnam's Sons, W. Heineman ; 1928.
Series:Loeb classical library.

MARC

Tag First Indicator Second Indicator Subfields
LEADER 00000cam a2200000 a 4500
001 in00000073636
005 20151008053536.0
008 771118s1928 enk b 00110 latm
010 |a  28016430  
035 |a (OCoLC)03429927 
035 |9 AAH7776AM 
040 |a DLC  |c OSU  |d m.c.  |d SER  |d TXA  |d UtOrBLW 
041 0 |a lat  |a eng 
049 |a TXAM  |c [1441801] 
050 0 0 |a PA6156.C6  |b D8 
100 1 |a Cicero, Marcus Tullius. 
245 1 0 |a De re publica ;  |b De legibus /  |c Cicero ; with an English translation by Clinton Walker Keyes. 
264 1 |a London :  |b W. Heineman ;  |a New York :  |a G.P. Putnam's Sons,  |c 1928. 
300 |a v, 533 pages ;  |c 17 cm. 
336 |a text  |b txt  |2 rdacontent 
337 |a unmediated  |b n  |2 rdamedia 
338 |a volume  |b nc  |2 rdacarrier 
490 1 |a The Loeb classical library. [Latin authors] 
500 |a Latin and English on opposite pages. 
504 |a Includes bibliographical references and index. 
536 |a Donated through the generosity of Professor Frank Friedeberg Seeley, June 1996. 
700 1 |a Keyes, Clinton Walker,  |d 1888-1943. 
740 0 |a De legibus. 
830 0 |a Loeb classical library. 
999 |a MARS 
999 f f |s 6ec018ba-2181-3966-8b4d-46c6abf8f8df  |i 3733ea87-f38e-399b-94b8-0f4d6d6a9a19  |t 0 
952 f f |p normal  |a Texas A&M University  |b College Station  |c Sterling C. Evans Library  |d Evans: Library Stacks  |t 0  |e PA6156.C6 D8  |h Library of Congress classification  |i unmediated -- volume  |m A14820361570 
952 f f |p ric  |a Texas A&M University  |b Rellis Campus  |c Joint Library Facility  |d Remote Storage  |t 0  |e PA6156.C6 D8  |h Library of Congress classification  |i unmediated -- volume  |m A14806173735 
998 f f |a PA6156.C6 D8  |t 0  |l Remote Storage 
998 f f |a PA6156.C6 D8  |t 0  |l Evans: Library Stacks